000 00215 a2200097 4500
001 45535
100 _aFrankland, M
245 _aThe sixth continent
260 _aLondon
_bHamish hamilton
_c
090 _c28701
_d28701
942 _aNUST-CAE
_cM
_c20782
999 _c280608
_d280608